[Event "Western Asia-ch U16 Girls"]
[Site "Delhi"]
[Date "2019.09.07"]
[Round "4"]
[White "Dhumal, Greeshma Anand"]
[Black "Salonika, Saina"]
[Result "1-0"]
[WhiteElo "2042"]
[BlackElo "2100"]
[PlyCount "57"]
[EventDate "2019.09.06"]
[EventType "swiss"]
[EventRounds "9"]
[EventCountry "IND"]
[SourceTitle "CBM 192 Extra"]
[Source "Chessbase"]
[SourceDate "2019.11.06"]
[SourceVersion "1"]
[SourceVersionDate "2019.11.06"]
[SourceQuality "1"]

1. d4 Nf6 2. c4 g6 3. Nc3 Bg7 4. Nf3 d6 5. e4 0-0 6. Be2 e5 7. d5 a5 8. Bg5 h6 9. Be3 Ng4 10. Bc1 f5 11. exf5 gxf5 12. g3 Na6 13. Nh4 Qe8 14. 0-0 Nf6 15. f4 e4 16. Be3 Bd7 17. a3 Qf7 18. Nb5 Nc5 19. Nd4 Nh7 20. Bh5 Qf6 21. Bg6 Nd3 22. Qb3 c5 23. Ndxf5 Bxf5 24. Bxf5 Qxb2 25. Be6+ Rf7 26. Bxf7+ Kxf7 27. Rab1 Qxb3 28. Rxb3 Ra7 29. Rfb1 1-0